[Event "15ème Open de Saint-Affrique"]
[Site "Saint Affrique"]
[Date "????.??.??"]
[Round "3.3"]
[White "Prie, Eric"]
[Black "Sanchez, Nicolas"]
[Result "1-0"]
[WhiteElo "2518"]
[BlackElo "2200"]
[PlyCount "47"]

1. d4 Nf6 2. Nf3 g6 3. Nc3 d5 4. Bf4 Bg7 5. Qd2 h6 6. e3 O-O 7. Bd3 c5 8. h3
Nc6 9. dxc5 Nd7 10. Nxd5 e5 11. Bh2 e4 12. Bc7 Qe8 {#} 13. Bd6 exf3 14. Nc7
fxg2 15. Rg1 Nde5 16. Be2 Nd4 17. Qxd4 Nf3+ 18. Bxf3 Bxd4 19. Nxe8 Bxb2 20.
Bxf8 Bc3+ 21. Ke2 Be6 22. Rad1 Bxa2 23. Bxb7 Bc4+ 24. Kf3 1-0

[Event "15ème Open de Saint-Affrique"]
[Site "Saint Affrique"]
[Date "????.??.??"]
[Round "3.4"]
[White "Zharkov, Hleb"]
[Black "Georgiev, Krum"]
[Result "1/2-1/2"]
[WhiteElo "2204"]
[BlackElo "2500"]
[PlyCount "30"]

1. d4 c5 2. c3 Nf6 3. Nf3 b6 4. Bf4 Bb7 5. e3 d6 6. h3 Nbd7 7. Nbd2 g6 8. Bh2
Bg7 9. Be2 O-O 10. O-O Re8 11. Qb3 a6 12. a4 Bc6 13. Bc4 d5 14. Be2 Qc8 15. Ne5
Qb7 1/2-1/2

[Event "15ème Open de Saint-Affrique"]
[Site "Saint Affrique"]
[Date "????.??.??"]
[Round "3.5"]
[White "Janev, Evgeni"]
[Black "Meera, Sai"]
[Result "1-0"]
[WhiteElo "2488"]
[BlackElo "2191"]
[PlyCount "73"]

1. e4 c5 2. Nf3 d6 3. d4 cxd4 4. Nxd4 Nf6 5. Nc3 a6 6. g3 e5 7. Nde2 b5 8. Bg5
Nbd7 9. Nd5 Be7 10. Bxf6 Nxf6 11. Nec3 Bb7 12. Nxf6+ Bxf6 13. a4 b4 14. Nd5 Rc8
15. Bd3 Bxd5 16. exd5 Qa5 17. Qg4 Rc5 18. O-O Rxd5 19. Qc8+ Bd8 {#} 20. Bb5+
axb5 21. Qc6+ Ke7 22. Qxd5 bxa4 23. Qxa5 Bxa5 24. Rxa4 Bc7 25. Rxb4 Ra8 26. Rd1
Ke6 27. Kf1 Ra6 28. Ke2 d5 29. c3 Bb6 30. Rb5 d4 31. cxd4 Bxd4 32. Rc1 Ra2 33.
Rc2 e4 34. Rb4 Ke5 35. Rd2 Ba7 36. Rd8 Ra5 37. Ra8 1-0

[Event "15ème Open de Saint-Affrique"]
[Site "Saint Affrique"]
[Date "????.??.??"]
[Round "3.6"]
[White "Demuth, Adrien"]
[Black "Flear, Glenn C"]
[Result "1/2-1/2"]
[WhiteElo "2193"]
[BlackElo "2479"]
[PlyCount "84"]

1. d4 d5 2. c4 c6 3. Nf3 dxc4 4. e3 Be6 5. a4 Nf6 6. Na3 c5 7. Bxc4 Bxc4 8.
Nxc4 Nc6 9. dxc5 Qxd1+ 10. Kxd1 Ne4 11. Ke2 Nxc5 12. Bd2 e6 13. Rhd1 Rd8 14.
Bc3 Rxd1 15. Kxd1 Ne4 16. Ke2 Be7 17. Nd4 Nxc3+ 18. bxc3 Kd7 19. Rb1 Nxd4+ 20.
cxd4 Kc7 21. Ne5 f6 22. Rc1+ Kb8 23. Nd7+ Ka8 24. Nc5 Rc8 25. Nb3 Rxc1 26. Nxc1
Bd6 27. h3 a6 28. Kd3 b5 29. axb5 axb5 30. d5 exd5 31. Kd4 Kb7 32. Kxd5 Ba3 33.
Nb3 Kb6 34. e4 g5 35. e5 fxe5 36. Kxe5 Kc6 37. Nd4+ Kc5 38. Nxb5 Kxb5 39. f4
gxf4 40. Kxf4 Kc4 41. g4 Kd5 42. g5 Ke6 1/2-1/2

[Event "15ème Open de Saint-Affrique"]
[Site "Saint Affrique"]
[Date "????.??.??"]
[Round "3.7"]
[White "Gozzoli, Yannick"]
[Black "Remille, Tristan"]
[Result "1-0"]
[WhiteElo "2470"]
[BlackElo "2182"]
[PlyCount "41"]

1. d4 f5 2. g3 Nf6 3. Bg2 g6 4. Nf3 Bg7 5. O-O O-O 6. c4 d6 7. Nc3 Qe8 8. Nd5
Nxd5 9. cxd5 Qb5 10. Ng5 Na6 11. a4 Qb6 12. e3 h6 13. Ne6 Bxe6 14. dxe6 c6 15.
Bd2 d5 16. b4 Rf6 17. b5 Nc7 18. Bb4 Rxe6 19. Qd2 Nxb5 20. axb5 Qxb5 21. Rfb1
1-0

[Event "15ème Open de Saint-Affrique"]
[Site "Saint Affrique"]
[Date "????.??.??"]
[Round "3.8"]
[White "Fruteau, Sabine"]
[Black "Collas, Didier"]
[Result "1-0"]
[WhiteElo "2170"]
[BlackElo "2458"]
[PlyCount "63"]

1. e4 c6 2. d4 d5 3. e5 c5 4. c3 Nc6 5. Nf3 Bg4 6. Nbd2 e6 7. Be2 cxd4 8. cxd4
Bb4 9. O-O Bxd2 10. Qxd2 Nge7 11. b3 Qb6 12. Rd1 Nf5 13. Bb2 a5 14. Bc3 O-O 15.
Qf4 Bxf3 16. Bxf3 Nfe7 17. Bg4 Rfc8 18. Rd3 Rc7 19. h4 Rac8 20. Qd2 a4 21. h5
axb3 22. axb3 h6 23. Rg3 Kh8 24. Qf4 Nd8 25. Bd2 Rc2 26. Bd1 Nf5 27. Rd3 R2c6
28. g4 Ne7 29. g5 Ng8 30. Rg3 Qc7 31. gxh6 gxh6 32. Qg4 1-0

[Event "15ème Open de Saint-Affrique"]
[Site "Saint Affrique"]
[Date "????.??.??"]
[Round "3.9"]
[White "Velikov, Petar"]
[Black "Julian, Stephane"]
[Result "1-0"]
[WhiteElo "2448"]
[BlackElo "2142"]
[PlyCount "81"]

1. Nf3 d5 2. g3 Nf6 3. Bg2 g6 4. c4 c6 5. b3 Bg7 6. Bb2 O-O 7. O-O Bg4 8. d3
Nbd7 9. Nbd2 Re8 10. h3 Bxf3 11. Nxf3 e5 12. cxd5 cxd5 13. Rc1 Rc8 14. Rxc8
Qxc8 15. Qa1 Qb8 16. e3 Nh5 17. Rc1 Qd6 18. Nd2 b6 19. Qb1 a6 20. Qc2 d4 21.
exd4 exd4 22. Qc6 Qxc6 23. Bxc6 Nhf6 24. Bxd4 Re6 25. Bb7 a5 26. Nf3 h6 27. Kf1
Rd6 28. Ke2 Nd5 29. Rc8+ Kh7 30. Bxg7 Kxg7 31. d4 N7f6 32. a3 g5 33. Ne5 Ne4
34. Nc4 Re6 35. Bxd5 Nc3+ 36. Kd3 Nxd5 37. Rd8 Nf6 38. d5 Re1 39. d6 Ne4 40. d7
Nc5+ 41. Kd2 1-0

[Event "15ème Open de Saint-Affrique"]
[Site "Saint Affrique"]
[Date "????.??.??"]
[Round "3.10"]
[White "Petrossian, Armen"]
[Black "Dijoux, Frederic"]
[Result "1-0"]
[WhiteElo "2392"]
[BlackElo "2132"]
[PlyCount "83"]

1. e4 e6 2. d4 d5 3. Nd2 c5 4. Ngf3 Nf6 5. exd5 exd5 6. Bb5+ Bd7 7. Qe2+ Be7 8.
dxc5 O-O 9. Nb3 Bxc5 10. Bxd7 Nbxd7 11. Nxc5 Re8 12. Be3 Nxc5 13. Nd4 Ne6 14.
O-O-O a6 15. f3 Rc8 16. Qd2 Qc7 17. Kb1 Qc4 18. Rhe1 Nxd4 19. Bxd4 Rxe1 20.
Rxe1 Re8 21. Bxf6 Rxe1+ 22. Qxe1 gxf6 23. Qg3+ Kf8 24. b3 Qc6 25. Qf4 b5 26.
Qd4 Qe6 27. f4 Kg7 28. Kb2 Qe4 29. Qxe4 dxe4 30. f5 Kh6 31. Kc3 Kg5 32. Kd4
Kxf5 33. c4 bxc4 34. bxc4 a5 35. g3 h6 36. h3 h5 37. h4 e3 38. Kxe3 Ke5 39. Kd3
f5 40. Kc3 f6 41. a4 Kd6 42. Kd4 1-0

[Event "15ème Open de Saint-Affrique"]
[Site "Saint Affrique"]
[Date "????.??.??"]
[Round "3.25"]
[White "Plane, Boris"]
[Black "Mania, Clement"]
[Result "0-1"]
[WhiteElo "2184"]
[BlackElo "1951"]
[PlyCount "60"]

1. e4 d5 2. exd5 Nf6 3. c4 e6 4. dxe6 Bxe6 5. Be2 Nc6 6. Nf3 Bc5 7. O-O Qd6 8.
Nc3 O-O-O 9. Qc2 Rhe8 10. a3 a5 11. Nb5 Qd7 12. d3 Bf5 13. b4 Rxe2 14. Qxe2
Bxd3 15. Qd2 Bxf1 16. Qxd7+ Nxd7 17. Kxf1 axb4 18. axb4 Bxb4 19. Bf4 Ba5 20.
Nfd4 Nxd4 21. Nxd4 Nb6 22. Nb5 Nxc4 23. Rc1 Re8 24. Bxc7 Bxc7 25. Rxc4 Re7 26.
Nd6+ Kb8 27. Nf5 Re5 28. Nxg7 b5 29. Rh4 Ba5 30. Rxh7 Re1# 0-1

[Event "15ème Open de Saint-Affrique"]
[Site "Saint Affrique"]
[Date "????.??.??"]
[Round "3.29"]
[White "Chaplin, Erik"]
[Black "Cohen-Solal, Lennie"]
[Result "0-1"]
[WhiteElo "2134"]
[BlackElo "1870"]
[PlyCount "136"]

1. e4 Nf6 2. e5 Nd5 3. c4 Nb6 4. d4 d6 5. exd6 exd6 6. Nc3 Nc6 7. h3 Bf5 8. Be3
Be7 9. Nf3 Qd7 10. d5 Nb4 11. Rc1 a5 12. Nd4 Bg6 13. Be2 O-O 14. O-O Rae8 15.
a3 Na6 16. b3 Bf6 17. Bd3 Re7 18. Qc2 Rfe8 19. Nf5 Re5 20. g4 Qd8 21. Nb5 Nd7
22. Bd4 Ndc5 23. Bxe5 dxe5 24. Rfd1 Bg5 25. Rb1 e4 26. Bf1 Bxf5 27. gxf5 e3 28.
Bg2 exf2+ 29. Kxf2 Be3+ 30. Kf1 Qg5 31. Qe2 Qg3 32. Re1 Qh2 33. Qxe3 Rxe3 34.
Rxe3 h6 35. Rd1 Nd7 36. Re8+ Kh7 37. d6 c6 38. Nc3 Qg3 39. Ne4 Qxb3 40. Rd2
Qxc4+ 41. Kg1 Qc1+ 42. Bf1 Nac5 43. Nxc5 Qxc5+ 44. Kg2 Qxa3 45. f6 Qc3 46. Rd3
Qb2+ 47. Kg3 Qxf6 48. Be2 c5 49. Rd5 g6 50. Bb5 Qb2 51. Be2 a4 52. Re7 Kg7 53.
Bf3 Qb5 54. Rd1 c4 55. Rd5 Qc6 56. Rd2 Qc5 57. Rd5 Qg1+ 58. Bg2 c3 59. Rxd7 c2
60. Rc7 c1=Q 61. Rxc1 Qxc1 62. d7 Qc7+ 63. Kf2 Qd8 64. Rd1 a3 65. Bxb7 a2 66.
Bc6 Qf6+ 67. Bf3 Qb6+ 68. Ke2 Qb5+ 0-1

[Event "15ème Open de Saint-Affrique"]
[Site "Saint Affrique"]
[Date "????.??.??"]
[Round "3.31"]
[White "Berard, Jean-Claude"]
[Black "Maris, Vincent"]
[Result "1-0"]
[WhiteElo "1851"]
[BlackElo "2080"]
[PlyCount "81"]

1. e4 e6 2. d4 d5 3. exd5 exd5 4. Nf3 Bd6 5. Bd3 Ne7 6. c3 c6 7. Qc2 h6 8. Be3
Be6 9. Nbd2 Nd7 10. Nb3 b6 11. Nh4 Nf6 12. h3 Qd7 13. g4 g5 14. Nf3 c5 15. dxc5
bxc5 16. Bxc5 Bxc5 17. Nxc5 Qc7 18. Nxe6 fxe6 19. Qe2 Qb6 20. Bb5+ Kf7 21. Ne5+
Kg7 22. Nd7 Nxd7 23. Bxd7 Kf6 24. O-O-O Qd6 25. Qf3+ Kg7 26. Ba4 Rhf8 27. Qe3
Rf4 28. Bb3 a5 29. Rhe1 a4 30. Bc2 Rf6 31. Rd4 a3 32. b4 Nc6 33. Rd2 Rc8 34.
Kb1 Ne7 35. Qd3 Ng6 36. Re3 Qh2 37. f4 Qxf4 38. Rd1 e5 39. Rde1 e4 40. Qxd5 Qc7
41. Qxe4 1-0

[Event "15ème Open de Saint-Affrique"]
[Site "Saint Affrique"]
[Date "????.??.??"]
[Round "3.34"]
[White "Casas Mor, Carles"]
[Black "Roubaud, Alexandre"]
[Result "0-1"]
[WhiteElo "2066"]
[BlackElo "1842"]
[PlyCount "58"]

1. Nf3 c5 2. b3 e6 3. Bb2 d5 4. e3 a6 5. d4 Nf6 6. Nbd2 Nc6 7. a3 cxd4 8. exd4
Bd6 9. Bd3 O-O 10. O-O Re8 11. Ne5 Qc7 12. f4 h6 13. Qf3 Ne7 14. g4 Nh7 15.
Nxf7 Kxf7 16. Bxh7 g6 17. f5 exf5 18. Rae1 Kg7 19. Bxg6 Kxg6 20. Qh3 Rg8 21.
Qh5+ Kh7 22. h3 Rg7 23. Kh1 Bf4 24. Nf3 fxg4 25. Ne5 Bxe5 26. dxe5 d4 27. Rf6
Nf5 28. Rg1 Qxc2 29. hxg4 Qe4+ 0-1

[Event "15ème Open de Saint-Affrique"]
[Site "Saint Affrique"]
[Date "????.??.??"]
[Round "3.52"]
[White "Boulier, Rene"]
[Black "Nari, Damien"]
[Result "0-1"]
[WhiteElo "1971"]
[BlackElo "1784"]
[PlyCount "72"]

1. e4 c6 2. Nf3 d5 3. exd5 cxd5 4. d4 Bg4 5. Bf4 Nc6 6. c3 e6 7. Bd3 Bd6 8. Be3
Nf6 9. Nbd2 Rc8 10. a3 O-O 11. Qb1 h6 12. h3 Bxf3 13. Nxf3 a6 14. g4 e5 15.
dxe5 Nxe5 16. Nxe5 Bxe5 17. g5 hxg5 18. Bxg5 Re8 19. Kf1 b5 20. f4 Bb8 21. Rg1
Rc6 22. Bf5 d4 23. h4 Qd5 24. Rg2 Qf3+ 25. Kg1 Bxf4 26. Bxf4 Qxf4 27. a4 bxa4
28. Rxa4 Qxh4 29. Ra1 dxc3 30. bxc3 Rxc3 31. Qf1 Rce3 32. Rh2 Qd4 33. Kh1 Qxa1
34. Qxa1 Re1+ 35. Qxe1 Rxe1+ 36. Kg2 Re2+ 0-1

[Event "15ème Open de Saint-Affrique"]
[Site "Saint Affrique"]
[Date "????.??.??"]
[Round "3.66"]
[White "Severan, Michel"]
[Black "Aubry, Fabien"]
[Result "1-0"]
[WhiteElo "1680"]
[BlackElo "1892"]
[PlyCount "85"]

1. d4 Nf6 2. c4 c5 3. d5 e6 4. Nc3 exd5 5. cxd5 d6 6. e4 g6 7. Bd3 Bg7 8. Nge2
O-O 9. f3 Na6 10. a3 Nc7 11. Be3 a6 12. Qd2 Nd7 13. h4 h5 14. Bg5 Bf6 15. Bxf6
Qxf6 16. O-O-O Ne5 17. f4 Nxd3+ 18. Qxd3 Bg4 19. Rdf1 b5 20. Nd1 a5 21. Ne3
Bxe2 22. Qxe2 Rfe8 23. Qf3 Qd4 24. e5 c4 25. g4 c3 26. Rf2 cxb2+ 27. Kb1 a4 28.
gxh5 Qd3+ 29. Kxb2 Qb3+ 30. Kc1 Qxa3+ 31. Rb2 Nxd5 32. Qxd5 Qxe3+ 33. Kb1 a3
34. hxg6 a2+ 35. Ka1 Ra7 36. h5 Rc8 37. gxf7+ Rxf7 38. Rg2+ Kf8 39. Qxd6+ Re7
40. Qh6+ Kf7 41. Qf6+ Ke8 42. Rg8+ Kd7 43. Qd6# 1-0

[Event "15ème Open de Saint-Affrique"]
[Site "Saint Affrique"]
[Date "????.??.??"]
[Round "3.76"]
[White "Estevez, Ange"]
[Black "Objois, Pierre-Henri"]
[Result "1-0"]
[WhiteElo "1607"]
[BlackElo "1801"]
[PlyCount "97"]

1. e4 c5 2. g3 d6 3. Bg2 Nf6 4. d3 Nc6 5. Nf3 g6 6. c3 Bg7 7. O-O O-O 8. Re1
Re8 9. Nbd2 a6 10. a4 Bg4 11. Nf1 Nd7 12. Ne3 Bxf3 13. Bxf3 Nce5 14. Bg2 e6 15.
h4 Rb8 16. f4 Nc6 17. Ng4 Nf6 18. Nxf6+ Bxf6 19. Kf2 Bg7 20. Rh1 f5 21. h5 Qf6
22. hxg6 hxg6 23. exf5 exf5 24. Bd5+ Kf8 25. Qf3 Nd8 26. Be3 b6 27. d4 Nf7 28.
Bxf7 Qxf7 29. d5 Re4 30. Rad1 b5 31. axb5 Rxb5 32. Rd2 a5 33. g4 Rb8 34. gxf5
gxf5 35. Qh5 Qf6 36. Rg1 Ke7 37. Qh7 Kf7 38. Qh5+ Ke7 39. Qh7 Kf7 40. Qh5+ Ke7
41. Qh7 Kf7 42. Rxg7+ Qxg7 43. Qxf5+ Qf6 44. Qxe4 Rh8 45. Qe6+ Qxe6 46. dxe6+
Kxe6 47. Kg3 Rg8+ 48. Kh4 Rg1 49. Bxg1 1-0

[Event "15ème Open de Saint-Affrique"]
[Site "Saint Affrique"]
[Date "????.??.??"]
[Round "3.28"]
[White "Domenech, Vianney"]
[Black "Benmesbah, Natacha"]
[Result "0-1"]
[WhiteElo "1864"]
[BlackElo "2220"]
[PlyCount "50"]

1. d4 Nf6 2. c3 c5 3. Nf3 b6 4. Bg5 e6 5. Nbd2 Bb7 6. e3 Be7 7. Bd3 d5 8. Ne5
Nbd7 9. f4 O-O 10. Qb1 h6 11. Bh4 Nxe5 12. fxe5 Ne4 13. Bxe7 Qxe7 14. Nxe4 dxe4
15. Bc2 Qh4+ 16. g3 Qg5 17. Qc1 f6 18. O-O fxe5 19. Qd2 exd4 20. cxd4 cxd4 21.
Rxf8+ Rxf8 22. Qxd4 Rd8 23. Qc3 {#} 23... Rd3 24. Bxd3 Qxe3+ 25. Kg2 exd3+ 0-1

[Event "15ème Open de Saint-Affrique"]
[Site "Saint Affrique"]
[Date "????.??.??"]
[Round "4.1"]
[White "Chomet, Pascal"]
[Black "Hamdouchi, Hichem"]
[Result "0-1"]
[WhiteElo "2353"]
[BlackElo "2576"]
[PlyCount "72"]

1. e4 c5 2. Nf3 Nc6 3. Nc3 g6 4. d4 cxd4 5. Nxd4 Bg7 6. Nb3 Nf6 7. Be2 O-O 8.
O-O d6 9. Bg5 Be6 10. Re1 d5 11. Bxf6 Bxf6 12. Nxd5 Bxb2 13. Rb1 Bg7 14. Nc5 b6
15. Nxe6 fxe6 16. Ne3 Qc7 17. Bc4 Kh8 18. Qg4 Nd4 19. c3 Nc2 20. Nxc2 Qxc4 21.
Rb3 Rad8 22. Ne3 Qc5 23. Qe2 Rc8 24. g3 Bxc3 25. Rc1 Qd4 26. Qc2 Bb4 27. Qxc8
Rxc8 28. Rxc8+ Kg7 29. Ra8 a5 30. a3 Bc5 31. Ra7 a4 32. Rb1 Qd3 33. Rd1 Qxa3
34. Rdd7 b5 35. Rab7 Qb4 36. e5 a3 0-1

[Event "15ème Open de Saint-Affrique"]
[Site "Saint Affrique"]
[Date "????.??.??"]
[Round "4.2"]
[White "Mullon, Jean-Baptiste"]
[Black "Prie, Eric"]
[Result "1/2-1/2"]
[WhiteElo "2333"]
[BlackElo "2518"]
[PlyCount "101"]

1. e4 d5 2. exd5 Qxd5 3. Nc3 Qa5 4. d4 Nf6 5. Bd2 Bg4 6. f3 Bf5 7. Bc4 Qb6 8.
g4 Bg6 9. g5 Qxd4 10. Qe2 Qh4+ 11. Kf1 Nfd7 12. Nd5 Kd8 13. Nf4 e6 14. Ngh3 Bf5
15. Kg2 Bd6 16. Be1 Bxh3+ 17. Nxh3 Qh5 18. Bg3 h6 19. Rad1 hxg5 20. Nf2 Ke7 21.
Bd5 Nc6 22. Bxc6 bxc6 23. Qd3 Ne5 24. Bxe5 Bxe5 25. Qd7+ Kf8 26. Qxc6 Re8 27.
Qc5+ Bd6 28. Qxa7 g4 29. fxg4 Qe5 30. Qd4 Rxh2+ 31. Rxh2 Qxh2+ 32. Kf3 {#}
32... e5 33. Qe4 Re6 34. g5 Qh5+ 35. Qg4 e4+ 36. Ke2 Qg6 37. Rd5 e3 38. Nd3 Qh7
39. Ne1 Qh2+ 40. Qg2 Qh4 41. b3 Bg3 42. Nf3 Qe4 43. Rd3 Bd6 44. Qh3 Kg8 45. a4
Bf8 46. Qh4 Qc6 47. c4 Qb7 48. Qe1 Qe4 49. Qh4 Qb7 50. Qe1 Qe4 51. Qh4 1/2-1/2

[Event "15ème Open de Saint-Affrique"]
[Site "Saint Affrique"]
[Date "????.??.??"]
[Round "4.3"]
[White "Mohota, Nisha"]
[Black "Janev, Evgeni"]
[Result "1/2-1/2"]
[WhiteElo "2332"]
[BlackElo "2488"]
[PlyCount "48"]

1. d4 d6 2. Nf3 g6 3. c4 Bg7 4. e4 Bg4 5. Be2 Nd7 6. h3 Bxf3 7. Bxf3 c5 8. d5
a6 9. Nc3 Rb8 10. a4 Bd4 11. Ne2 Be5 12. O-O b5 13. axb5 axb5 14. cxb5 Rxb5 15.
Ra7 Ngf6 16. Bh6 Rb4 17. Qa1 Ng8 18. Bd2 Rxb2 19. Qa4 Ngf6 20. Bh6 Rb4 21. Qc6
Rb6 22. Qa4 Rb4 23. Qc6 Rb6 24. Qa4 Rb4 1/2-1/2

[Event "15ème Open de Saint-Affrique"]
[Site "Saint Affrique"]
[Date "????.??.??"]
[Round "4.4"]
[White "Van Elst, Andreas"]
[Black "Gozzoli, Yannick"]
[Result "1/2-1/2"]
[WhiteElo "2294"]
[BlackElo "2470"]
[PlyCount "60"]

1. d4 d5 2. c4 c6 3. Nc3 Nf6 4. e3 e6 5. Nf3 Nbd7 6. Bd3 dxc4 7. Bxc4 b5 8. Bd3
a6 9. a4 Bb7 10. O-O b4 11. Nb1 c5 12. Nbd2 Be7 13. Qe2 O-O 14. e4 cxd4 15. e5
Nd5 16. Nb3 g6 17. Bh6 Re8 18. Qe4 Qb8 19. Rfe1 N5f6 20. Qxd4 Bxf3 21. gxf3 Nd5
22. Rac1 Qd8 23. Qg4 Bf8 24. Bxf8 Rxf8 25. Nd4 Re8 26. Nc6 Qb6 27. Be4 f5 28.
exf6 N7xf6 29. Qg5 Qb7 30. Ne5 Qe7 1/2-1/2

[Event "15ème Open de Saint-Affrique"]
[Site "Saint Affrique"]
[Date "????.??.??"]
[Round "4.5"]
[White "Ramaswamy, Aarthie"]
[Black "Velikov, Petar"]
[Result "1-0"]
[WhiteElo "2281"]
[BlackElo "2448"]
[PlyCount "99"]

1. e4 c5 2. Nf3 e6 3. d4 cxd4 4. Nxd4 a6 5. Nc3 b5 6. Bd3 Qb6 7. Nb3 Qc7 8. O-O
Nf6 9. Qe2 d6 10. Bd2 Nc6 11. a4 b4 12. Na2 Rb8 13. Bxa6 Bxa6 14. Qxa6 Nxe4 15.
Bf4 e5 16. Qc4 Nf6 {#} 17. Na5 Qxa5 18. Qxc6+ Nd7 19. Be3 d5 20. Rad1 d4 21.
Bxd4 exd4 22. Rxd4 Qa7 23. Rfd1 Qb7 24. Qxd7+ Qxd7 25. Rxd7 Be7 26. Rc7 Bf6 27.
Nxb4 Bxb2 28. Nc6 Ra8 29. Re1+ Kf8 30. Ree7 h5 31. Rxf7+ Kg8 32. a5 Rh6 33.
Rfd7 Ra6 34. Nd4 Bxd4 35. Rxd4 Rxa5 36. g3 Rg6 37. Kg2 Kh7 38. Rd2 h4 39. Rd4
hxg3 40. hxg3 Ra3 41. Rh4+ Kg8 42. Rc8+ Kf7 43. Rf4+ Ke7 44. Rc7+ Kd6 45. Rff7
Ra2 46. Rxg7 Rxg7 47. Rxg7 Rxc2 48. Rf7 Ke6 49. Rf3 Rc1 50. g4 1-0

[Event "15ème Open de Saint-Affrique"]
[Site "Saint Affrique"]
[Date "????.??.??"]
[Round "4.6"]
[White "Daurelle, Herve"]
[Black "Petrossian, Armen"]
[Result "1/2-1/2"]
[WhiteElo "2249"]
[BlackElo "2392"]
[PlyCount "110"]

1. e4 e5 2. Nf3 Nc6 3. Bb5 a6 4. Ba4 Nf6 5. O-O Nxe4 6. d4 b5 7. Bb3 d5 8. dxe5
Be6 9. Nbd2 Nc5 10. c3 Be7 11. Bc2 O-O 12. Nb3 Bg4 13. Re1 Ne4 14. Bf4 f5 15.
exf6 Nxf6 16. Qd3 Bxf3 17. Qxf3 Qd7 18. Qd3 Bd6 19. Bxd6 Qxd6 20. Re2 Rae8 21.
Rae1 g6 22. Qg3 Rxe2 23. Rxe2 Re8 24. Rxe8+ Nxe8 25. Qxd6 Nxd6 26. Nc5 Nb8 27.
f4 Kf7 28. Kf2 Nc4 29. b3 Nb6 30. f5 gxf5 31. Bxf5 h6 32. Kf3 a5 33. g4 Ke7 34.
h4 N8d7 35. Nxd7 Nxd7 36. g5 hxg5 37. hxg5 b4 38. cxb4 axb4 39. Kf4 c6 40. g6
Nf6 41. Ke5 Ne8 42. Be6 Ng7 43. Bxd5 cxd5 44. Kxd5 Kf6 45. Kc4 Kxg6 46. Kxb4
Kf6 47. Kb5 Ke7 48. Kb6 Kd7 49. b4 Ne6 50. a4 Nc7 51. b5 Nd5+ 52. Ka7 Kc8 53.
a5 Nc7 54. b6 Nb5+ 55. Ka8 Nc7+ 1/2-1/2

[Event "15ème Open de Saint-Affrique"]
[Site "Saint Affrique"]
[Date "????.??.??"]
[Round "4.7"]
[White "David, Vincent"]
[Black "Hamdouchi, Adina-Maria"]
[Result "1/2-1/2"]
[WhiteElo "2390"]
[BlackElo "2287"]
[PlyCount "51"]

1. d4 Nf6 2. c4 g6 3. Nc3 Bg7 4. g3 d5 5. cxd5 Nxd5 6. Bg2 Nb6 7. Nf3 Nc6 8. e3
O-O 9. O-O Re8 10. d5 Na5 11. Nd4 Bd7 12. a4 c5 13. dxc6 Nxc6 14. a5 Nxd4 15.
exd4 Nc4 16. Bxb7 Rb8 17. a6 Bh3 18. Re1 Bxd4 19. Ra4 Bxc3 20. Qxd8 Rexd8 21.
bxc3 Nd6 22. Bg2 Bxg2 23. Kxg2 Rd7 24. Ba3 Rc8 25. Re3 Nc4 26. Rf3 1/2-1/2

[Event "15ème Open de Saint-Affrique"]
[Site "Saint Affrique"]
[Date "????.??.??"]
[Round "4.8"]
[White "Faure, Nicolas"]
[Black "Lejarre, Ludovic"]
[Result "0-1"]
[WhiteElo "2081"]
[BlackElo "2359"]
[PlyCount "76"]

1. Nf3 Nf6 2. g3 g6 3. Bg2 Bg7 4. O-O O-O 5. d4 d6 6. c4 Nbd7 7. Nc3 e5 8. e4
exd4 9. Nxd4 Re8 10. h3 a6 11. Re1 Rb8 12. b3 c5 13. Nc2 Ne5 14. f4 Nc6 15. Bb2
Nh5 16. Kh2 Nd4 17. Nd5 Nxc2 18. Qxc2 Be6 19. Bxg7 Nxg7 20. Ne3 f5 21. exf5
Bxf5 22. Qc3 Re7 23. Nd5 Rf7 24. Re2 Qf8 25. Rae1 Re8 26. g4 Rxe2 27. Rxe2 Bd7
28. Re1 Bc6 29. Bf3 Kh8 30. f5 gxf5 31. g5 Bxd5 32. Bxd5 Re7 33. Rxe7 Qxe7 34.
Qf6 Qxf6 35. gxf6 Nh5 36. Bxb7 a5 37. f7 Kg7 38. Bd5 Nf4 0-1

[Event "15ème Open de Saint-Affrique"]
[Site "Saint Affrique"]
[Date "????.??.??"]
[Round "4.9"]
[White "Degraeve, Jean-Marc"]
[Black "Fruteau, Sabine"]
[Result "1-0"]
[WhiteElo "2520"]
[BlackElo "2170"]
[PlyCount "89"]

1. e4 e5 2. Nf3 Nc6 3. Bb5 a6 4. Ba4 Nf6 5. O-O Be7 6. Re1 b5 7. Bb3 d6 8. c3
O-O 9. h3 Bb7 10. d4 Re8 11. Nbd2 Bf8 12. d5 Ne7 13. Nf1 Ng6 14. N3h2 c6 15.
dxc6 Bxc6 16. Bg5 h6 17. Bxf6 Qxf6 18. Ng4 Qg5 19. Qf3 Ra7 20. g3 h5 21. Nge3
Nh4 22. Qh1 Kh8 23. Bd5 Bxd5 24. Nxd5 f5 25. Kh2 Ng6 26. h4 Nxh4 27. gxh4 Qxh4+
28. Kg1 Qxh1+ 29. Kxh1 f4 30. a4 Rea8 31. Nd2 g5 32. Nf3 Bh6 33. Kg2 g4 34. Nh4
Bg5 35. Nf5 h4 36. Rh1 h3+ 37. Kf1 bxa4 38. f3 Rb7 39. fxg4 Rxb2 40. Rxh3+ Kg8
41. Rh5 Bd8 42. g5 f3 43. g6 Rg2 44. g7 Kf7 45. Rh8 1-0

[Event "15ème Open de Saint-Affrique"]
[Site "Saint Affrique"]
[Date "????.??.??"]
[Round "4.10"]
[White "Georgiev, Krum"]
[Black "Saada, Julien"]
[Result "1-0"]
[WhiteElo "2500"]
[BlackElo "2221"]
[PlyCount "105"]

1. e4 c6 2. Nc3 d5 3. Nf3 Bg4 4. Be2 e6 5. d4 Nf6 6. e5 Nfd7 7. Ng5 Bxe2 8.
Qxe2 a6 9. O-O h6 10. Qh5 g6 11. Qh3 Qe7 12. Re1 Bg7 13. Nf3 b5 14. a4 b4 15.
Ne2 a5 16. Nf4 Na6 17. b3 O-O-O 18. Bd2 Kb7 19. Nd3 Rc8 20. c3 c5 21. cxb4 cxb4
22. Rac1 g5 23. Qg3 Rhg8 24. Rxc8 Kxc8 25. h4 gxh4 26. Nxh4 Qd8 27. Qh3 Bf8 28.
Nf3 Kb7 29. Qh5 Qe8 30. g3 Nab8 31. Kg2 Nc6 32. Rh1 Rh8 33. Nf4 Bg7 34. Qg4 Rg8
35. Qh3 Bf8 36. Kg1 Ka7 37. Qf1 Qb8 38. Qd3 Qb6 39. Be3 Ne7 40. Kg2 Qa6 41. Qh7
Rg7 42. Qc2 Qb7 43. Rc1 Kb8 44. Kh3 Rg8 45. Nh4 Bg7 46. Qh7 Qa6 47. Nh5 Nf8 48.
Qc2 Qb6 49. Nf6 Rh8 50. Bf4 h5 51. Kg2 Bh6 52. Bxh6 Rxh6 {#} 53. Ng8 1-0

[Event "15ème Open de Saint-Affrique"]
[Site "Saint Affrique"]
[Date "????.??.??"]
[Round "4.11"]
[White "Flear, Glenn C"]
[Black "Zharkov, Hleb"]
[Result "1-0"]
[WhiteElo "2479"]
[BlackElo "2204"]
[PlyCount "71"]

1. d4 f5 2. g3 Nf6 3. Bg2 e6 4. Nf3 Be7 5. O-O O-O 6. c4 d6 7. Nc3 Qe8 8. b4
Nc6 9. b5 Nd8 10. a4 Qh5 11. Ba3 Nf7 12. e4 Nxe4 13. Nxe4 fxe4 14. Nd2 Qh6 15.
Nxe4 e5 16. dxe5 Nxe5 17. c5 Bh3 18. cxd6 cxd6 19. Nxd6 Kh8 20. Bxh3 Qxh3 21.
f4 Ng4 22. Qe2 Rf6 23. Nc4 Bxa3 24. Rxa3 Rh6 25. Ne5 Nxe5 26. fxe5 Re6 27. Raf3
h5 28. Qe4 Rg8 29. Rf5 Rg6 30. e6 h4 31. Rh5+ Rh6 32. Rxh6+ gxh6 33. Qe5+ Kh7
34. Rf7+ Kg6 35. Rf6+ Kg7 36. Rf8+ 1-0

[Event "15ème Open de Saint-Affrique"]
[Site "Saint Affrique"]
[Date "????.??.??"]
[Round "4.12"]
[White "Houard, Yannick"]
[Black "Collas, Silvia"]
[Result "0-1"]
[WhiteElo "2151"]
[BlackElo "2393"]
[PlyCount "82"]

1. e4 g6 2. d4 Bg7 3. Nc3 d6 4. Be3 Nd7 5. Qd2 a6 6. Nf3 h6 7. Bd3 e6 8. O-O b6
9. a4 Bb7 10. h3 Ne7 11. b4 Kf8 12. Rab1 Kg8 13. Nh2 Kh7 14. Ng4 Qf8 15. Ne2 f5
16. exf5 exf5 17. Nh2 Nd5 18. c4 Nxe3 19. fxe3 Nf6 20. Rxf5 Qe7 21. Rf4 h5 22.
d5 Rae8 23. Rf3 Bh6 24. Nf4 Ne4 25. Qc2 Bc8 26. Rbf1 Rhf8 27. a5 bxa5 28. bxa5
Rf5 29. Ne2 Rxf3 30. Rxf3 Kg8 31. Nf1 g5 32. Nd4 g4 33. hxg4 hxg4 34. Nf5 Bxf5
35. Rxf5 Nc5 36. Rh5 Bxe3+ 37. Kh1 Qf7 38. Bh7+ Kg7 39. Ng3 Bf4 40. Qd1 Bxg3
41. Qxg4+ Kf8 0-1

[Event "15ème Open de Saint-Affrique"]
[Site "Saint Affrique"]
[Date "????.??.??"]
[Round "4.15"]
[White "Iwanesko, Alexandre"]
[Black "Guedon, Stephane"]
[Result "1/2-1/2"]
[WhiteElo "1882"]
[BlackElo "2222"]
[PlyCount "49"]

1. c4 e5 2. Nc3 Nc6 3. Nf3 g6 4. d3 Bg7 5. g3 d6 6. Bg2 Nf6 7. O-O O-O 8. Rb1
a5 9. a3 h6 10. b4 axb4 11. axb4 Be6 12. b5 Ne7 13. Bd2 Qd7 14. Qc2 Bh3 15. e4
Nh5 16. Nd5 Bxg2 17. Kxg2 f5 18. Nh4 Kh7 19. f3 f4 20. g4 Nf6 21. Kf2 Qd8 22.
Nxf6+ Bxf6 23. Ng2 b6 24. Ra1 Qd7 25. Ra4 1/2-1/2